| 000 | 00351nam a2200145Ia 4500 | ||
|---|---|---|---|
| 008 | 150201s2012 xx 000 0 und d | ||
| 082 |
_a610 _bH12G |
||
| 100 | _aGLYNN, MICHAEL | ||
| 245 | _aHUTCHISON, S CLINICAL METHODS | ||
| 250 | _a23RD | ||
| 260 |
_bSAUNDERS _aEDINBURGH _c2012 |
||
| 300 | _a1-472 | ||
| 650 | _aGENERAL MEDICINE | ||
| 942 |
_2ddc _cBK |
||
| 999 |
_c1833 _d1833 |
||